[Event "Ä13Â"]
[Site "Loo"]
[Date "2017.04.21"]
[Round "2.29"]
[White "Ñòàêèíà, Ìåëèññà."]
[Black "Êàìàðîâà, Æàíáîòà."]
[Result "0-1"]
[WhiteElo "1429"]
[BlackElo "1501"]
[PlyCount "108"]
[EventDate "2017.04.20"]

1. d4 d5 2. Bf4 Nf6 3. e3 e6 4. Nf3 Be7 5. Bd3 O-O 6. O-O Nbd7 7. h3 c5 8. c3
b6 9. Nbd2 Bb7 10. Qe2 a6 11. a4 c4 12. Bc2 b5 13. axb5 axb5 14. Ne5 Nxe5 15.
Bxe5 Qb6 16. Nf3 Ra6 17. Rxa6 Qxa6 18. Bxf6 Bxf6 19. e4 dxe4 20. Bxe4 Bxe4 21.
Qxe4 Qa2 22. Qb1 Ra8 23. Qxa2 Rxa2 24. Rb1 Kf8 25. b3 Rc2 26. bxc4 bxc4 27.
Rb8+ Ke7 28. Rc8 Rxc3 29. Ne5 Bxe5 30. dxe5 Rc1+ 31. Kh2 c3 32. Kg3 c2 33. Kf3
f6 34. exf6+ Kxf6 35. Ke2 Ke5 36. Kd2 Rf1 37. Rc5+ Kd4 38. Rxc2 Rxf2+ 39. Kd1
Rxc2 40. Kxc2 Ke3 41. Kd1 e5 42. Ke1 e4 43. h4 h5 44. g3 g6 45. Kf1 Kd2 46. Kf2
e3+ 47. Kf1 e2+ 48. Kf2 e1=Q+ 49. Kg2 Qe2+ 50. Kh3 Qf3 51. Kh2 Ke2 52. Kg1 Qf2+
53. Kh1 Kf3 54. g4 Qg2# 0-1

[Event "Ä13Ï"]
[Site "Loo"]
[Date "2017.04.21"]
[Round "2.1"]
[White "Æóðîâà, Àííà."]
[Black "Òèìîôååâà, Þëèÿ."]
[Result "1-0"]
[WhiteElo "1843"]
[BlackElo "1427"]
[PlyCount "63"]
[EventDate "2017.04.20"]

1. e4 e5 2. Nf3 Nc6 3. Bb5 a6 4. Ba4 d6 5. h3 h6 6. d3 b5 7. Bb3 Nf6 8. O-O Be7
9. c3 O-O 10. Nbd2 d5 11. exd5 Nxd5 12. Re1 Bf6 13. Ne4 Nb6 14. Nxf6+ Qxf6 15.
Qe2 Bd7 16. Be3 Nc8 17. d4 exd4 18. Nxd4 N8e7 19. Rad1 Na5 20. Bxh6 Ng6 21. Be3
c5 22. Nf3 c4 23. Rxd7 cxb3 24. axb3 Qc6 25. Red1 Nxb3 26. Ng5 f6 27. R1d6 Qc8
28. Qh5 fxg5 29. Qxg6 Qxd7 30. Rxd7 Rf7 31. Qxf7+ Kh8 32. Qxg7# 1-0

[Event "Ä13Ï"]
[Site "Loo"]
[Date "2017.04.21"]
[Round "2.2"]
[White "Ëóá÷åíêîâà, Àíàñòàñèÿ."]
[Black "Õàéáóëëèíà, Ðàóøàíà."]
[Result "0-1"]
[WhiteElo "1413"]
[BlackElo "1750"]
[PlyCount "68"]
[EventDate "2017.04.20"]

1. e4 c5 2. Nc3 e6 3. g3 Nc6 4. d3 g6 5. Be3 Nd4 6. Qd2 Bg7 7. Nge2 Nf3+ 8. Kd1
Nxd2 9. Kxd2 d6 10. Bg2 Ne7 11. f4 O-O 12. h3 Bd7 13. g4 Bc6 14. Ng3 Qa5 15.
Bf2 d5 16. Ke2 dxe4 17. Ncxe4 f5 18. Ng5 Bxg2 19. Rhg1 Bd5 20. c4 Bc6 21. Nxe6
Rfe8 22. Nxg7 Kxg7 23. Kd1 fxg4 24. hxg4 Bf3+ 25. Kc2 Bxg4 26. Ne4 Bf5 27. Nxc5
Rac8 28. Nxb7 Qc7 29. Nc5 Qxf4 30. Rae1 Qxf2+ 31. Kd1 Rxc5 32. Rgf1 Qxb2 33. a3
Rxc4 34. dxc4 Qc2# 0-1

[Event "Ä13Ï"]
[Site "Loo"]
[Date "2017.04.21"]
[Round "2.3"]
[White "Øïàêèâñêàÿ, Àëèíà."]
[Black "Ãàåð, Ìàðãàðèòà."]
[Result "1-0"]
[WhiteElo "1657"]
[BlackElo "1421"]
[PlyCount "53"]
[EventDate "2017.04.20"]

1. e4 e6 2. d4 d5 3. Nc3 Nf6 4. Bg5 Be7 5. e5 Nfd7 6. h4 Bxg5 7. hxg5 Qxg5 8.
Nh3 Qe7 9. Nf4 O-O 10. Qh5 h6 11. Qg4 Qg5 12. Qf3 a6 13. Rh5 Qe7 14. Qg3 Kh8
15. Bd3 Rg8 16. Qg6 fxg6 17. Nxg6+ Kh7 18. Nxe7+ Kh8 19. Nxg8 Kxg8 20. Ne2 c5
21. Nf4 Kf7 22. Bg6+ Ke7 23. c4 Nb6 24. cxd5 exd5 25. dxc5 Na4 26. Nxd5+ Kf8
27. Rh4 1-0

[Event "Ä13Ï"]
[Site "Loo"]
[Date "2017.04.21"]
[Round "2.4"]
[White "Àëèìîâà, Äàíà."]
[Black "Ìèõàéëèíà, Åëåíà."]
[Result "1-0"]
[WhiteElo "1388"]
[BlackElo "1641"]
[PlyCount "147"]
[EventDate "2017.04.20"]

1. e4 c5 2. Nf3 e6 3. d4 cxd4 4. Nxd4 a6 5. Nc3 Qc7 6. Bd3 Nc6 7. Be3 Nf6 8.
O-O Be7 9. f4 d6 10. Kh1 O-O 11. Qf3 Nxd4 12. Bxd4 Rd8 13. Na4 Nd7 14. Qf2 Nc5
15. Nxc5 dxc5 16. Be5 Bd6 17. Bxd6 Qxd6 18. e5 Qe7 19. Be4 Rb8 20. Rad1 Bd7 21.
Rd6 Bb5 22. Rfd1 b6 23. Qd2 Rxd6 24. Qxd6 Qxd6 25. Rxd6 Kf8 26. Kg1 h6 27. Bc6
Bxc6 28. Rxc6 Ke8 29. Rd6 Ke7 30. Kf2 f6 31. h4 fxe5 32. fxe5 g6 33. Ke3 Rb7
34. b3 Rb8 35. a4 Rb7 36. a5 bxa5 37. Rxa6 Rb4 38. Ra7+ Kf8 39. Rxa5 Rxh4 40.
Rxc5 g5 41. Rc7 Rg4 42. Kf3 Rf4+ 43. Kg3 Re4 44. Rh7 Rxe5 45. Rxh6 Re3+ 46. Kf2
Rc3 47. Rxe6 Rxc2+ 48. Re2 Rc3 49. Rb2 Ke7 50. b4 Kd7 51. b5 Kc7 52. b6+ Kb7
53. Rb4 Ra3 54. g3 g4 55. Rxg4 Kxb6 56. Rc4 Rd3 57. Kg2 Rd6 58. Kh3 Kb5 59. Rc8
Rd7 60. g4 Rh7+ 61. Kg3 Rh1 62. g5 Rg1+ 63. Kf4 Rf1+ 64. Kg4 Rg1+ 65. Kh5 Rh1+
66. Kg6 Rg1 67. Kf6 Rf1+ 68. Kg7 Kb6 69. g6 Kb7 70. Rc4 Kb6 71. Rh4 Kc6 72. Kh7
Rd1 73. g7 Rd7 74. Kh8 1-0

[Event "Ä13Ï"]
[Site "Loo"]
[Date "2017.04.21"]
[Round "2.5"]
[White "Î÷èðîâà, Àíèòà."]
[Black "Òóëàåâà, Ìàðèÿ."]
[Result "1-0"]
[WhiteElo "1635"]
[BlackElo "1418"]
[PlyCount "65"]
[EventDate "2017.04.20"]

1. e4 c5 2. g3 d6 3. Bg2 Nc6 4. Ne2 Nf6 5. h3 g6 6. c3 Bg7 7. O-O O-O 8. d4
cxd4 9. cxd4 e6 10. Be3 Ne8 11. Qd2 Bd7 12. Nbc3 a6 13. Rac1 Rc8 14. d5 Ne5 15.
b3 f5 16. f4 Nf7 17. dxe6 Bxe6 18. exf5 Bxf5 19. g4 Bxc3 20. Nxc3 Bd7 21. Bxb7
Bb5 22. Bxc8 Bxf1 23. Kxf1 Qxc8 24. Nd5 Qb7 25. Qd4 Nd8 26. Qe4 Kf7 27. Kg1 Ne6
28. f5 N6g7 29. fxg6+ hxg6 30. Rf1+ Kg8 31. Ne7+ Kh7 32. Qxg6+ Kh8 33. Rxf8#
1-0

[Event "Ä13Ï"]
[Site "Loo"]
[Date "2017.04.21"]
[Round "2.6"]
[White "Ãóíüêî, Âàëåðèÿ."]
[Black "Òàðèåëàøâèëè, Äèàíà."]
[Result "1/2-1/2"]
[WhiteElo "1371"]
[BlackElo "1608"]
[PlyCount "96"]
[EventDate "2017.04.20"]

1. d4 Nf6 2. Nf3 g6 3. g3 Bg7 4. Bg2 O-O 5. O-O d6 6. c4 Bg4 7. Nc3 Nc6 8. Be3
Qd7 9. Qd2 Bh3 10. Bh6 Bxg2 11. Kxg2 Nh5 12. Bxg7 Kxg7 13. e3 f5 14. Rac1 f4
15. Ne2 fxg3 16. fxg3 e6 17. Rf2 Nf6 18. Nc3 Ng4 19. Rff1 Ne7 20. b3 Nf5 21.
Nd1 Rae8 22. e4 Ne7 23. Nc3 Nc6 24. Rce1 e5 25. d5 Nd8 26. Qe2 Nf6 27. Nd2 Rf7
28. Rf3 Ref8 29. Ref1 c6 30. h3 cxd5 31. Nxd5 Nc6 32. R3f2 Nd4 33. Qe3 Qd8 34.
Nf3 Nxf3 35. Rxf3 b6 36. Nxf6 Rxf6 37. Rxf6 Rxf6 38. Rxf6 Qxf6 39. Qf3 Qxf3+
40. Kxf3 Kf6 41. h4 h6 42. g4 Ke6 43. Ke3 Kd7 44. Kd3 Kc6 45. Kc3 Kc5 46. a3 a5
47. Kd3 Kc6 48. Kc3 Kc5 1/2-1/2

[Event "Ä13Ï"]
[Site "Loo"]
[Date "2017.04.21"]
[Round "2.7"]
[White "Ñèò÷èõèíà, Ìèëàíà."]
[Black "Ñìàëåâà, Ñòàíèñëàâà."]
[Result "1-0"]
[WhiteElo "1592"]
[BlackElo "1397"]
[PlyCount "78"]
[EventDate "2017.04.20"]

1. e4 e5 2. Nf3 Nc6 3. d4 exd4 4. Bc4 Nf6 5. O-O Bc5 6. e5 d5 7. exf6 dxc4 8.
Re1+ Be6 9. Ng5 Qxf6 10. Nxe6 fxe6 11. Qh5+ g6 12. Qxc5 Rf8 13. Rf1 O-O-O 14.
Bg5 Rd5 15. Qxd5 exd5 16. Bxf6 Rxf6 17. Nd2 Re6 18. Rfe1 Rxe1+ 19. Rxe1 Kd7 20.
Nf3 h6 21. Rd1 a6 22. Nxd4 Nxd4 23. Rxd4 Ke6 24. c3 c5 25. Rd1 b5 26. a3 a5 27.
Kf1 b4 28. cxb4 cxb4 29. Ke2 Ke5 30. Ke3 c3 31. axb4 axb4 32. bxc3 bxc3 33. Kd3
d4 34. Ra1 g5 35. Ra6 h5 36. Ra5+ Kd6 37. Rxg5 Ke6 38. Rxh5 Kd6 39. Rf5 Ke6 1-0

[Event "Ä13Ï"]
[Site "Loo"]
[Date "2017.04.21"]
[Round "2.8"]
[White "Àí÷èêîâà, Îëüãà."]
[Black "Âîëêîâà, Àëèíà."]
[Result "0-1"]
[WhiteElo "1367"]
[BlackElo "1583"]
[PlyCount "141"]
[EventDate "2017.04.20"]

1. d4 Nf6 2. c4 e6 3. Nc3 Bb4 4. Nf3 b6 5. e3 Bxc3+ 6. bxc3 Nc6 7. Bd3 d6 8.
O-O O-O 9. Ba3 Re8 10. e4 e5 11. d5 Na5 12. Bb4 Nb7 13. Qa4 Bg4 14. Qd1 Nd7 15.
h3 Bh5 16. Re1 Nbc5 17. Ba3 Bxf3 18. Qxf3 Qf6 19. Qxf6 Nxf6 20. Rad1 Nfd7 21.
f3 Nf6 22. Kf2 Nh5 23. g3 Nb7 24. Bc1 Nf6 25. g4 Nd7 26. h4 Ndc5 27. h5 Nxd3+
28. Rxd3 Na5 29. c5 bxc5 30. g5 Rab8 31. Rg1 g6 32. hxg6 hxg6 33. Rg4 Rb1 34.
Rg1 Nc4 35. Rgd1 Ra1 36. a3 Nxa3 37. Bxa3 Rxa3 38. c4 Ra4 39. Rc3 Rb8 40. Ke3
Rab4 41. Ra1 Rb3 42. Rxb3 Rxb3+ 43. Ke2 Rb7 44. Ra6 Kg7 45. Ke3 f6 46. gxf6+
Kxf6 47. Kf2 Ke7 48. Kg3 Kd7 49. Kg4 Rb4 50. Rxa7 Rxc4 51. Ra6 Rc1 52. Kg5 Rc3
53. f4 exf4 54. Kxf4 Rc2 55. Kf3 Rc1 56. Ra4 Rb1 57. Rc4 Rb5 58. Rc3 Rb4 59.
Re3 c4 60. Kf4 Rb3 61. Re2 c3 62. Rc2 c6 63. dxc6+ Kxc6 64. Kg5 Kc5 65. Kxg6
Kd4 66. Kf5 Rb2 67. Rc1 c2 68. Ke6 Kxe4 69. Rxc2 Rxc2 70. Kxd6 Kf4 71. Kd5 0-1

[Event "Ä13Ï"]
[Site "Loo"]
[Date "2017.04.21"]
[Round "2.9"]
[White "Êàëóñòîâà, Ìàðèíà."]
[Black "Ëåáåäåâà, Óëüÿíà."]
[Result "1-0"]
[WhiteElo "1242"]
[BlackElo "1560"]
[PlyCount "123"]
[EventDate "2017.04.20"]

1. e4 c5 2. Nc3 e6 3. g3 a6 4. Bg2 Qc7 5. f4 d6 6. Nf3 Be7 7. O-O Nc6 8. d3 Nf6
9. Be3 Ng4 10. Qd2 Bd7 11. a3 Qb6 12. Rab1 Nxe3 13. Qxe3 Nd4 14. Qf2 Nxf3+ 15.
Qxf3 c4+ 16. Kh1 cxd3 17. Qxd3 Bc6 18. Qd2 Rd8 19. Rfd1 O-O 20. Ne2 Bf6 21. Nd4
Bxd4 22. Qxd4 Qxd4 23. Rxd4 Rd7 24. Rbd1 Rfd8 25. Bh3 Kf8 26. Kg1 Ke7 27. Kf2
d5 28. exd5 Rxd5 29. Rxd5 Rxd5 30. Rxd5 Bxd5 31. Ke3 Kd6 32. Kd4 b5 33. Bf1 f6
34. c4 bxc4 35. Bxc4 Bxc4 36. Kxc4 Kc6 37. b4 g5 38. h3 gxf4 39. gxf4 h5 40. h4
Kd6 41. b5 a5 42. a4 e5 43. fxe5+ fxe5 44. Kd3 Kd5 45. Ke3 Kd6 46. Ke4 Ke6 47.
b6 Kd6 48. b7 Kc7 49. b8=Q+ Kxb8 50. Kxe5 Kc7 51. Kf5 Kc6 52. Kg5 Kc5 53. Kxh5
Kb4 54. Kg6 Kxa4 55. h5 Kb3 56. h6 a4 57. h7 a3 58. h8=Q a2 59. Kf5 Ka3 60. Ke4
Kb3 61. Kd3 Ka3 62. Kc2 1-0

[Event "Ä13Ï"]
[Site "Loo"]
[Date "2017.04.21"]
[Round "2.10"]
[White "Íîâîæèëîâà, Ïîëèíà."]
[Black "Õîþð-Îîë, Àðûÿíà."]
[Result "0-1"]
[WhiteElo "1559"]
[BlackElo "1391"]
[PlyCount "138"]
[EventDate "2017.04.20"]

1. d4 d5 2. e4 c6 3. exd5 Qxd5 4. c4 Qa5+ 5. Nc3 Nf6 6. Bd3 Bg4 7. Nge2 e6 8.
O-O Bd6 9. f3 Bh5 10. Bf4 Qc7 11. Qd2 Bg6 12. Bxg6 hxg6 13. d5 cxd5 14. cxd5
Bxf4 15. Nxf4 exd5 16. Rfe1+ Kf8 17. Ncxd5 Nxd5 18. Qxd5 Nc6 19. Qc5+ Kg8 20.
Nh3 Rh5 21. Qc4 Qb6+ 22. Kh1 Na5 23. Qe2 Rc8 24. f4 Qc6 25. Ng5 Rf8 26. Rad1
Qf6 27. Rf1 Qc6 28. Rde1 Qa4 29. b3 Qd7 30. Rf3 Nc6 31. Rd3 Qc7 32. Qf2 Nb4 33.
Rd2 Nc6 34. Rde2 Qc8 35. Re4 f6 36. Ne6 Rf7 37. Nc5 Rf8 38. Qe2 Rxc5 39. Qf2
Rh5 40. Qg3 Qf5 41. R4e2 Nd4 42. Rd2 Ne6 43. Rf2 Rd8 44. Qc3 Kh7 45. Ref1 Rd4
46. Qe3 Rd3 47. Qc1 Nd4 48. Qc4 Qb5 49. Qc1 Nf5 50. Kg1 Qd5 51. Rf3 Rxf3 52.
Rxf3 Qd4+ 53. Kh1 Qe4 54. Qf1 Qc2 55. Rf2 Qc5 56. Rf3 Qa3 57. Kg1 Qxa2 58. Rd3
Qa5 59. Qd1 Qc5+ 60. Kh1 Qf2 61. h3 Qxf4 62. Rf3 Qe4 63. Kh2 Qh4 64. Kg1 Qd4+
65. Qxd4 Nxd4 66. Rd3 Nb5 67. Rd7 b6 68. Kh2 Rc5 69. Rd3 Rc3 0-1

[Event "Ä13Ï"]
[Site "Loo"]
[Date "2017.04.21"]
[Round "2.11"]
[White "Ä¸ìèíîâà, Ìàðèÿ."]
[Black "Êîñà÷åâà, Êðèñòèíà."]
[Result "1-0"]
[WhiteElo "1526"]
[BlackElo "1364"]
[PlyCount "83"]
[EventDate "2017.04.20"]

1. d4 Nf6 2. c4 e6 3. g3 Bb4+ 4. Bd2 Qe7 5. Bg2 O-O 6. a3 Bxd2+ 7. Qxd2 d5 8.
cxd5 exd5 9. Nc3 Rd8 10. Nf3 b6 11. O-O Bb7 12. Ne5 Nbd7 13. Nd3 Rac8 14. Nf4
Nf8 15. Rac1 Ne6 16. Bh3 h6 17. Qe3 Ne4 18. Nxe4 dxe4 19. Nxe6 fxe6 20. Bg2 Qf6
21. Bxe4 Bxe4 22. Qxe4 Rxd4 23. Qb7 Qd8 24. e3 Rd2 25. b4 Rd3 26. Qxa7 Ra8 27.
Qxc7 Rdxa3 28. Qxd8+ Rxd8 29. Rc6 b5 30. Rxe6 Rb3 31. Re4 Rc8 32. Rd1 Rc2 33.
Rd5 Rc4 34. Rdd4 Rc1+ 35. Kg2 Rcb1 36. Rf4 R1b2 37. h4 Rxe3 38. Rd5 Reb3 39.
Rxb5 Kh7 40. h5 Rb1 41. Rb8 R1b2 42. Rff8 1-0

[Event "Ä13Ï"]
[Site "Loo"]
[Date "2017.04.21"]
[Round "2.12"]
[White "Ôîðîñòÿíàÿ, Ñîôèÿ."]
[Black "Âèòþãîâà, ßðîñëàâà."]
[Result "0-1"]
[WhiteElo "1179"]
[BlackElo "1509"]
[PlyCount "36"]
[EventDate "2017.04.20"]

1. e4 e6 2. d4 d5 3. exd5 exd5 4. Bd3 Nc6 5. c3 Qf6 6. Nf3 h6 7. O-O Bd6 8. h3
Nge7 9. b3 Bf5 10. Be3 g5 11. Nh2 h5 12. Bxf5 Qxf5 13. Nd2 g4 14. hxg4 Bxh2+
15. Kxh2 hxg4+ 16. Kg1 Qh7 17. f3 g3 18. Bf4 Qh2# 0-1

[Event "Ä13Ï"]
[Site "Loo"]
[Date "2017.04.21"]
[Round "2.13"]
[White "Ñèäîðîâà, Àëåíà."]
[Black "Ìíåÿí, Ðèïñèìå."]
[Result "1/2-1/2"]
[WhiteElo "1506"]
[BlackElo "1345"]
[PlyCount "133"]
[EventDate "2017.04.20"]

1. d4 Nf6 2. c4 c5 3. e3 g6 4. Nc3 Bg7 5. Nf3 O-O 6. Be2 d6 7. O-O Bf5 8. a3
Ne4 9. Nh4 Nxc3 10. bxc3 Be6 11. f4 Bf6 12. f5 Bxh4 13. fxe6 fxe6 14. Bg4 Rxf1+
15. Qxf1 Nc6 16. Bxe6+ Kh8 17. Bb2 Qf8 18. Qe2 Qf6 19. Bd5 Rf8 20. Rf1 Qxf1+
21. Qxf1 Rxf1+ 22. Kxf1 Nd8 23. g3 Bf6 24. Ke2 e6 25. Be4 Nc6 26. Bxc6 bxc6 27.
a4 cxd4 28. cxd4 Kg7 29. Ba3 d5 30. Kd3 Bg5 31. cxd5 cxd5 32. Bc5 a6 33. a5 Kf7
34. h4 Bd8 35. Bb6 Be7 36. e4 Bb4 37. exd5 exd5 38. Ke3 Ke6 39. Kf3 Bd2 40. Kg4
h5+ 41. Kf3 Kf5 42. Bc7 Be1 43. Bd8 Bc3 44. Bb6 Ke6 45. Kf4 Bd2+ 46. Kf3 Kd7
47. Ke2 Bc3 48. Ke3 Kc6 49. Kf4 Bd2+ 50. Ke5 Be1 51. Kf6 Bxg3 52. Kxg6 Bxh4 53.
Kxh5 Be1 54. Kg5 Kb5 55. Kf5 Bxa5 56. Bxa5 Kxa5 57. Ke5 Kb4 58. Kxd5 a5 59. Ke6
a4 60. d5 a3 61. d6 a2 62. d7 a1=Q 63. d8=Q Qe1+ 64. Kf5 Qf2+ 65. Kg6 Qg3+ 66.
Qg5 Qxg5+ 67. Kxg5 1/2-1/2

[Event "Ä13Ï"]
[Site "Loo"]
[Date "2017.04.21"]
[Round "2.15"]
[White "Ëóêüÿí÷åíêî, Àëèñà."]
[Black "Øåâöîâà, Ñòåôàíèÿ."]
[Result "1-0"]
[WhiteElo "1463"]
[BlackElo "1096"]
[PlyCount "75"]
[EventDate "2017.04.20"]

1. c4 e5 2. e3 c6 3. Qc2 d5 4. Nf3 Bd6 5. a3 Nf6 6. b4 Be6 7. Bb2 Nbd7 8. h3
O-O 9. Ng5 Re8 10. Nxe6 Rxe6 11. d3 Rc8 12. Be2 c5 13. bxc5 Bxc5 14. O-O b5 15.
Nc3 bxc4 16. dxc4 d4 17. exd4 exd4 18. Na4 Rd6 19. Nxc5 Nxc5 20. Bd3 Rb6 21.
Rfd1 Rcb8 22. Bxd4 Qxd4 23. Bxh7+ Nxh7 24. Rxd4 Nb3 25. Rad1 Nxd4 26. Rxd4 Rb1+
27. Rd1 Rxd1+ 28. Qxd1 Nf6 29. Qa4 Rb1+ 30. Kh2 Rc1 31. f3 g6 32. g4 Nh7 33. h4
Nf8 34. Kg3 Ne6 35. Qb5 Nd4 36. Qe8+ Kh7 37. Qxf7+ Kh8 38. Qf6+ 1-0

[Event "Ä13Ï"]
[Site "Loo"]
[Date "2017.04.21"]
[Round "2.18"]
[White "Çàðêîâà, Åëèçàâåòà."]
[Black "Áàðàíîâà, Åëèçàâåòà."]
[Result "1-0"]
[WhiteElo "1290"]
[BlackElo "1632"]
[PlyCount "65"]
[EventDate "2017.04.20"]

1. d4 d5 2. c4 e5 3. dxe5 d4 4. a3 Nc6 5. Nf3 Nge7 6. g3 Ng6 7. Bg2 Ngxe5 8.
Nxe5 Nxe5 9. O-O Nxc4 10. Qa4+ c6 11. Qxc4 Be6 12. Qd3 Be7 13. Rd1 Bf6 14. Nd2
O-O 15. Nb3 Qb6 16. Nd2 Rad8 17. Ne4 Be7 18. Ng5 g6 19. Nxe6 fxe6 20. b4 Qc7
21. Qe4 e5 22. b5 Rd5 23. bxc6 bxc6 24. Bh6 Rc8 25. Rdc1 Rcd8 26. Qc2 Rc5 27.
Qb3+ Kh8 28. Qf7 Rxc1+ 29. Rxc1 Rg8 30. Rxc6 Qb7 31. Re6 Qb1+ 32. Bf1 Qf5 33.
Qxe7 1-0

[Event "Ä13Ï"]
[Site "Loo"]
[Date "2017.04.21"]
[Round "2.19"]
[White "Ãóáàðåâà, Ñîôèÿ."]
[Black "Ïåòðîâà, Àíæåëèêà."]
[Result "1-0"]
[WhiteElo "1574"]
[BlackElo "1241"]
[PlyCount "60"]
[EventDate "2017.04.20"]

1. d4 d5 2. c4 dxc4 3. e4 e5 4. d5 Nf6 5. Nc3 Bb4 6. Qa4+ c6 7. Qxb4 cxd5 8.
exd5 Nxd5 9. Qb5+ Nc6 10. Qxd5 Qb6 11. Nf3 Be6 12. Qe4 O-O 13. Bxc4 Bd7 14. O-O
Rfe8 15. Ng5 g6 16. Bxf7+ Kg7 17. Bxe8 Rxe8 18. Qc4 Rf8 19. Ne6+ Bxe6 20. Qxe6
Rf7 21. Bh6+ Kxh6 22. Qxf7 Qd8 23. Qxb7 Nd4 24. Rfd1 Qf8 25. Qe4 Qf6 26. Nd5
Qf7 27. Rac1 Ne6 28. Qe3+ Kg7 29. Qxe5+ Kh6 30. Rc3 a6 1-0

[Event "Ä13Ï"]
[Site "Loo"]
[Date "2017.04.21"]
[Round "2.20"]
[White "Ìàòòåó, Ñîôèÿ."]
[Black "Äîí÷åíêî, Åêàòåðèíà."]
[Result "1-0"]
[WhiteElo "1346"]
[BlackElo "1534"]
[PlyCount "93"]
[EventDate "2017.04.20"]

1. e4 e6 2. d4 d5 3. Nd2 Nf6 4. e5 Nfd7 5. f4 c5 6. c3 Nc6 7. Ndf3 Qb6 8. Ne2
Be7 9. g3 O-O 10. Bh3 f6 11. Bxe6+ Kh8 12. Bxd5 fxe5 13. dxe5 Rd8 14. Qb3 Qc7
15. Bxc6 Qxc6 16. O-O c4 17. Qc2 Nc5 18. Ned4 Qd5 19. b3 b5 20. Ba3 Bh3 21.
Rfe1 Bg4 22. Re3 Rd7 23. b4 Na4 24. e6 Rd6 25. Re5 Qb7 26. Rxb5 Qa6 27. Ne5
Rxd4 28. cxd4 Qxb5 29. Nxg4 Qd5 30. Bb2 Nxb2 31. Qxb2 Qxe6 32. Ne5 Rb8 33. a3
Qd5 34. Re1 Bd6 35. Qc3 Rc8 36. h3 Kg8 37. Rc1 Qe6 38. Qe3 Qxh3 39. Rxc4 Rf8
40. Qb3 Kh8 41. Rc3 Qf5 42. g4 Bxe5 43. gxf5 Bxd4+ 44. Kg2 Bxc3 45. Qxc3 h6 46.
Qc7 Rxf5 47. Qc8+ 1-0

[Event "Ä13Ï"]
[Site "Loo"]
[Date "2017.04.21"]
[Round "2.21"]
[White "Àôîíàñüåâà, Âàëåðèÿ."]
[Black "Ñóìàðîêîâà, Âåðà."]
[Result "1/2-1/2"]
[WhiteElo "1498"]
[BlackElo "1300"]
[PlyCount "124"]
[EventDate "2017.04.20"]

1. d4 e6 2. Nf3 b6 3. e3 Bb7 4. Bd3 Nf6 5. Nbd2 d6 6. O-O Be7 7. c3 O-O 8. Qe2
Nbd7 9. e4 e5 10. Re1 c6 11. Nc4 Qc7 12. Bg5 Rfe8 13. Nh4 d5 14. exd5 cxd5 15.
Ne3 h6 16. Bxf6 Bxf6 17. Nef5 exd4 18. Nxd4 Qc5 19. Nb3 Qd6 20. Nf5 Qc6 21. Bb5
Rxe2 22. Bxc6 Rxe1+ 23. Rxe1 Bxc6 24. Nbd4 Bxd4 25. Nxd4 Bb7 26. Re7 Rd8 27. f3
Kf8 28. Re3 Re8 29. Kf2 Rxe3 30. Kxe3 Ke7 31. Nf5+ Kf6 32. Nd4 Ne5 33. b3 Nc6
34. Nxc6 Bxc6 35. Kd4 Kf5 36. g3 g5 37. a3 h5 38. a4 h4 39. Ke3 hxg3 40. hxg3
g4 41. f4 a5 42. Kd4 Ke6 43. Ke3 b5 44. axb5 Bxb5 45. Kd2 Kf5 46. Ke3 Be2 47.
Kxe2 Ke4 48. Kd2 Kf3 49. c4 dxc4 50. bxc4 a4 51. c5 a3 52. Kc2 a2 53. Kb2 Kxg3
54. c6 Kf2 55. c7 g3 56. c8=Q g2 57. Qc5+ Kf1 58. Qc4+ Kf2 59. Qxa2 g1=Q 60.
Kc3+ Kf3 61. Qd5+ Kxf4 62. Qxf7+ Kg3 1/2-1/2

[Event "Ä13Ï"]
[Site "Loo"]
[Date "2017.04.21"]
[Round "2.22"]
[White "Ñîáëèðîâà, Ñàáèíà."]
[Black "Êîâòóí, Òàòüÿíà."]
[Result "0-1"]
[WhiteElo "1114"]
[BlackElo "1459"]
[PlyCount "94"]
[EventDate "2017.04.20"]

1. d4 d5 2. c4 e6 3. g3 Nf6 4. Bg2 c6 5. Nc3 Be7 6. Nf3 O-O 7. O-O dxc4 8. Ne5
Nbd7 9. Nxc4 Nb6 10. Ne5 Qc7 11. e4 c5 12. Nb5 Qd8 13. Be3 Nbd7 14. Nc4 a6 15.
Nc3 cxd4 16. Bxd4 Qc7 17. e5 Qxc4 18. exf6 Bxf6 19. Bxf6 Nxf6 20. Na4 Qb5 21.
Rc1 Bd7 22. Rc5 Qxa4 23. Bxb7 Ra7 24. Qf3 Rb8 25. Rc7 Qb4 26. Rxd7 Nxd7 27. Bc6
Ne5 28. Qg2 Nxc6 29. Qxc6 Qb6 30. Qc3 Qxb2 31. Qe3 Rab7 32. a4 Qb3 33. Qd4 Qd5
34. Qf4 h6 35. h4 Rb1 36. f3 Qc5+ 37. Kg2 Qc2+ 38. Kh3 Qf5+ 39. Qxf5 exf5 40.
Rxb1 Rxb1 41. g4 fxg4+ 42. Kxg4 Rb4+ 43. f4 Rxa4 44. h5 g5 45. hxg6 fxg6 46.
Kg3 Kf7 47. Kg4 Kf6 0-1

[Event "Ä13Ï"]
[Site "Loo"]
[Date "2017.04.21"]
[Round "2.23"]
[White "Êóðãàíîâà, Åëåíà."]
[Black "×àðêèíà, Ìàðèÿ."]
[Result "1-0"]
[WhiteElo "1453"]
[BlackElo "1151"]
[PlyCount "124"]
[EventDate "2017.04.20"]

1. d4 d5 2. c4 c6 3. e3 Bf5 4. Nc3 Nf6 5. Nf3 e6 6. Bd3 Bg6 7. O-O Nbd7 8. Re1
Bd6 9. cxd5 exd5 10. Bxg6 hxg6 11. e4 dxe4 12. Nxe4 Nxe4 13. Rxe4+ Kf8 14. Qb3
Nf6 15. Re2 Qc7 16. h3 Re8 17. Rxe8+ Kxe8 18. Qe3+ Qe7 19. Qd3 Qe4 20. Qb3 b6
21. Bg5 Kd7 22. Qxf7+ Qe7 23. Ne5+ Bxe5 24. Qxe7+ Kxe7 25. dxe5 Rd8 26. exf6+
gxf6 27. Re1+ Kf7 28. Be3 Re8 29. Rd1 Re7 30. Kf1 Ke6 31. Bd4 Rd7 32. Rd2 c5
33. Bc3 Rc7 34. a3 a5 35. Re2+ Kf7 36. Re4 g5 37. f4 Rc6 38. fxg5 fxg5 39. Ke2
Rd6 40. h4 gxh4 41. Rxh4 Re6+ 42. Kf2 Rg6 43. Kf3 Ke6 44. Rh5 Kd7 45. g4 Ke6
46. Kf4 a4 47. g5 Kf7 48. Kf5 Rg8 49. Rh7+ Kf8 50. Rb7 Ke8 51. Rb8+ Kf7 52.
Rxg8 Kxg8 53. Kg6 b5 54. Bd2 b4 55. axb4 cxb4 56. Bxb4 Kh8 57. Kf7 Kh7 58. g6+
Kh6 59. g7 Kg5 60. g8=Q+ Kf4 61. Qe8 Kg4 62. Kf6 Kf4 1-0

[Event "Ä13Ï"]
[Site "Loo"]
[Date "2017.04.21"]
[Round "2.24"]
[White "Òîëñòûõ, Àðèíà."]
[Black "Áåëîçåðîâà, Îëüãà."]
[Result "1-0"]
[WhiteElo "1439"]
[BlackElo "1111"]
[PlyCount "103"]
[EventDate "2017.04.20"]

1. d4 Nf6 2. c4 c5 3. e3 g6 4. Nc3 Bg7 5. Nf3 O-O 6. Bd3 cxd4 7. exd4 d5 8. O-O
dxc4 9. Bxc4 Bg4 10. Be3 e6 11. h3 Bxf3 12. Qxf3 Nc6 13. Rfd1 Qe7 14. Bg5 Rfd8
15. Ne4 Nxd4 16. Qf4 e5 17. Bxf6 Qxf6 18. Qxf6 Bxf6 19. Nxf6+ Kg7 20. Ng4 f6
21. Rac1 Rdc8 22. Bf1 h5 23. Ne3 f5 24. Nc4 Nc6 25. Rd7+ Kh6 26. Rxb7 a6 27.
Nb6 Rab8 28. Rxb8 Rxb8 29. Rxc6 e4 30. Bxa6 f4 31. b3 Re8 32. Nd5 e3 33. Nxf4
e2 34. Nxe2 h4 35. Nf4 Kh7 36. Rxg6 Kh8 37. Rb6 Kg7 38. Rb4 Kg8 39. Bc4+ Kg7
40. Ne6+ Kf6 41. Rb6 Ke7 42. f4 Rg8 43. f5 Ke8 44. Nc7+ Kf8 45. Bxg8 Kxg8 46.
a4 Kf7 47. a5 Kg8 48. a6 Kf7 49. a7 Kg8 50. Rg6+ Kf7 51. a8=Q Ke7 52. Qe8# 1-0

[Event "Ä13Ï"]
[Site "Loo"]
[Date "2017.04.21"]
[Round "2.25"]
[White "Çàáàâñêàÿ, Äàðèÿ."]
[Black "Ãàíüæèíà, Ìàðèÿ."]
[Result "1-0"]
[WhiteElo "1220"]
[BlackElo "1408"]
[PlyCount "125"]
[EventDate "2017.04.20"]

1. Nf3 d5 2. g3 Nf6 3. Bg2 Bg4 4. d4 e6 5. O-O Nbd7 6. Nbd2 c6 7. c4 Rc8 8. b3
b6 9. Bb2 Be7 10. Ne5 Nxe5 11. dxe5 Nd7 12. f3 Bh5 13. cxd5 cxd5 14. e4 Bc5+
15. Kh1 dxe4 16. Nxe4 O-O 17. Nxc5 Nxc5 18. Rc1 Qxd1 19. Rfxd1 Rfd8 20. b4
Rxd1+ 21. Rxd1 Ne4 22. Rd4 Nf2+ 23. Kg1 h6 24. Rd2 Bxf3 25. Bxf3 Nh3+ 26. Kg2
Ng5 27. h4 Nh7 28. Be4 Nf8 29. Rc2 Rd8 30. Kf3 Nd7 31. Ke3 Nb8 32. Bb7 Nd7 33.
Rc8 Rxc8 34. Bxc8 Nf8 35. a4 Ng6 36. h5 Ne7 37. Bd7 Nd5+ 38. Kd4 Nxb4 39. Kc4
Nd5 40. Kb5 Kf8 41. Ba3+ Kg8 42. Ka6 Kh7 43. Kxa7 g6 44. Bc6 Ne3 45. Bb5 gxh5
46. Kxb6 Nd5+ 47. Kc5 Nc3 48. Bd3+ Kg7 49. a5 Nd5 50. a6 Nc7 51. a7 f5 52. Kc6
Na8 53. Kb7 f4 54. gxf4 h4 55. Bf1 h3 56. Bxh3 h5 57. Kxa8 h4 58. Kb7 Kg6 59.
a8=Q Kh5 60. Qh8+ Kg6 61. Qf6+ Kh7 62. Bf8 Kg8 63. Qg7# 1-0

[Event "Ä13Ï"]
[Site "Loo"]
[Date "2017.04.21"]
[Round "2.26"]
[White "Îéäóï, Àðñåíèÿ."]
[Black "Êèðüÿíîâà, Åâãåíèÿ."]
[Result "1-0"]
[WhiteElo "1401"]
[BlackElo "1198"]
[PlyCount "51"]
[EventDate "2017.04.20"]

1. e4 c5 2. Nf3 Nc6 3. d4 cxd4 4. Nxd4 g6 5. Bc4 Bg7 6. c3 d6 7. Be3 Nf6 8. Nd2
O-O 9. Qc2 Ne5 10. Bb3 b5 11. h3 Bb7 12. a4 Nc4 13. Bxc4 bxc4 14. f3 d5 15. e5
Nd7 16. f4 Nc5 17. Nc6 Bxc6 18. Bxc5 f6 19. Nf3 fxe5 20. fxe5 Qc7 21. Qd2 Qd7
22. a5 Rab8 23. Rc1 Rb5 24. Bb4 Qc7 25. Nd4 Rb7 26. Rf1 1-0

[Event "Ä13Ï"]
[Site "Loo"]
[Date "2017.04.21"]
[Round "2.27"]
[White "Ìàãèçîâà, ßíà."]
[Black "Êóëìàãàìáåòîâà, Àéøà."]
[Result "0-1"]
[WhiteElo "1610"]
[BlackElo "1289"]
[PlyCount "106"]
[EventDate "2017.04.20"]

1. e4 e5 2. Nf3 Nc6 3. d4 exd4 4. Bc4 Bb4+ 5. c3 dxc3 6. bxc3 Qf6 7. Qb3 Bd6 8.
Bg5 Qg6 9. O-O Na5 10. Qa4 Nxc4 11. Qxc4 Qe6 12. Qd4 f6 13. Bd2 Ne7 14. Re1 Nc6
15. Qe3 O-O 16. Nh4 b6 17. Nf5 Qe5 18. Qh3 Ne7 19. f4 Qe6 20. Nxe7+ Bxe7 21. f5
Bc5+ 22. Kh1 Qe5 23. Qh4 Bb7 24. Bf4 Qe7 25. Nd2 Bd6 26. e5 fxe5 27. Bg5 Qf7
28. Rf1 h6 29. Be3 Qf6 30. Qg4 Be7 31. Qc4+ Kh8 32. Qd3 d6 33. Rab1 Qh4 34. Rb4
Qh5 35. Qc2 Qe2 36. Bf2 Bg5 37. Qd1 Qxd2 38. Qxd2 Bxd2 39. Rd1 Bxc3 40. Rc4 Ba5
41. Rxc7 Be4 42. Rxd6 Rxf5 43. Kg1 Raf8 44. Rd1 Rxf2 45. h3 Rxg2+ 46. Kh1 Rd2+
47. Kg1 Rxd1+ 48. Kh2 Rf3 49. Rc4 Rd2+ 50. Kg1 Bd3 51. Rc1 Rg3+ 52. Kh1 Rxh3+
53. Kg1 Be4 0-1